000 00883nas a2200277 4500
001 BR7310407
003 BR-BrBNA
005 20231205082702.0
007 ta
008 230509b bl.|||p| |||| 00| 00por d
040 _aBR-BrBNA
_bpor
_cBiblioteca Nacional de Agricultura
041 _a(En)
072 _aL73
100 1 _aCosta, J.O.
100 1 _aBatista Junior, J.B.
100 1 _aSilva, M.
100 1 _aGuimaraes, M.P.
245 1 _aEhrilichia canis infection in dog in Belo Horizonte - Brazil [Infeccao; Cao; Canis familiaris; Minas Gerais]
650 _aCAO
650 _aINFECCAO
650 _aBELO HORIZONTE
650 _aMINAS GERAIS
773 0 _tArquivos da Escola de Veterinaria da Universidade Federal de Minas Gerais (Brazil)
_xISSN 0365-8384
_g(1973), v. 25(2) p. 199-200
_wBR7310407
909 _a202311
_bLúcia
_c55
_dLúcia Elande
942 _2AGRIS
_n0
_cANA
999 _c93669
_d93669